Alternativní zemědělství.
Alternatívne poľnohospodárstvo je súhrn poľnohospodárskych postupov a metód, vedúcich k minimalizácii negatívnych dopadov hnojenia, pesticídov a kŕmnych doplnkov na prírodné prostredie a k obmedzeniu cudzorodých látok v potravinovom reťazci človeka. Charakteristika hlavných typov alternatívneho poľn...
Saved in:
| Main Author: | |
|---|---|
| Format: | Book Chapter |
| Language: | Czech |
| Subjects: | |
| Tags: |
No Tags, Be the first to tag this record!
|
MARC
| LEADER | 00000naa a2200000 4500 | ||
|---|---|---|---|
| 001 | r005104 | ||
| 005 | 20221125080556.9 | ||
| 041 | 0 | |a cze | |
| 044 | |a [CS] | ||
| 245 | 1 | 0 | |a Alternativní zemědělství. |c Václav Lednický |
| 520 | |a Alternatívne poľnohospodárstvo je súhrn poľnohospodárskych postupov a metód, vedúcich k minimalizácii negatívnych dopadov hnojenia, pesticídov a kŕmnych doplnkov na prírodné prostredie a k obmedzeniu cudzorodých látok v potravinovom reťazci človeka. Charakteristika hlavných typov alternatívneho poľnohospodárstva. Stav tohto poľnohospodárstva v zahraničí. Možnosti jeho rozvoja v ČSFR. | ||
| 610 | 2 | 0 | |a poľnohospodárstvo alternatívne |
| 610 | 2 | 0 | |a ČSFR |
| 610 | 2 | 0 | |a hnojenie |
| 610 | 2 | 0 | |a hnojivá |
| 610 | 2 | 0 | |a potraviny |
| 610 | 2 | 0 | |a ekológia |
| 100 | 1 | |a Lednický, Václav | |